|
|
|
|
| LEADER |
01480nam a22002657a 4500 |
| 001 |
31297 |
| 003 |
BD-DhAAL |
| 005 |
20251210183252.0 |
| 008 |
170119s2016 bg ||||| |||| 00| 0 ben d |
| 082 |
|
|
|a 361.95492
|2 23
|
| 245 |
|
|
|a প্রান্তজনের আপনজন.
|
| 260 |
|
|
|a ঢাকা :
|b ব্র্যাক,
|c ২০১৬.
|
| 300 |
|
|
|a ৬৮ পৃষ্ঠা :
|b চিত্র ;
|c ২১ সে.মি.
|
| 526 |
|
|
|a AAL
|
| 541 |
|
|
|a BRAC
Donated By Akbar Ali Khan
|e 31297, 40355
|
| 600 |
|
|
|a Abed, Fazle Hasan.
|9 20920
|
| 650 |
|
|
|a BRAC (Bangladesh Rural Advancement Committee).
|9 20921
|
| 650 |
|
|
|a Social service, Rural
|z Bangladesh.
|9 20922
|
| 710 |
|
|
|a ব্র্যাক.
|9 20923
|
| 852 |
|
|
|a Ayesha Abed Library
|c General Stacks
|
| 942 |
|
|
|2 ddc
|c BK
|
| 999 |
|
|
|c 37933
|d 37933
|
| 952 |
|
|
|0 0
|1 0
|2 ddc
|3 Couldn't find in the shelves ; Need to change call number
|4 0
|6 305_420954920000000_PRA
|7 1
|9 59946
|a BRACUL
|b BRACUL
|c BRS
|d 2017-01-19
|e BRAC
|l 0
|o 305.42095492 PRA
|p 3010031297
|r 2017-01-19
|t 1
|w 2017-01-19
|y BK
|x BRAC ; price not available in register
|
| 952 |
|
|
|0 0
|1 0
|2 ddc
|3 Couldn't find in the shelves ; Need to change call number
|4 0
|6 305_420954920000000_PRA
|7 0
|9 60477
|a BRACUL
|b BRACUL
|c GEN
|d 2017-05-04
|e BRAC
|l 0
|o 305.42095492 PRA
|p 3010031771
|r 2017-05-04
|t 2
|w 2017-05-04
|y BK
|
| 952 |
|
|
|0 0
|1 0
|2 ddc
|4 0
|6 361_954920000000000_PRA
|7 1
|9 72612
|a BRACUL
|b BRACUL
|c AAKC
|d 2023-01-03
|e Donated By Akbar Ali Khan
|l 0
|o 361.95492 PRA
|p 3010040355
|r 2023-01-03
|t 3
|w 2023-01-03
|y BK
|